Представление документа в формате RUSMARC

ПолеНазваниеЗначение
  Тип записи a
  Библиографический уровень c
001 Контрольный номер 23b4aae06cd54a2d835dc9bd7c4a3eb4
005 Дата корректировки 20260513162005.4
010 Индекс ISBN __
a ISBN 978-5-17-170901-3
b Уточнения в пер.
9 Тираж 2500 экз.
100 Данные общей обработки __
a Данные общей обработки 20260513d2025 ma y0rusy028902 ca
101 Язык документа 0_
a Язык текста rus
102 Страна публикации __
a Страна публикации RU
105 Кодированные данные (монография) __
a Кодированные данные (монография) a z 000ay
181 Поле кодированных данных: вид содержания _0
a Код вида содержания (ISBD) i
182 Поле кодированных данных: тип средства _0
a Код типа средства (ISBD) n
200 Заглавие и сведения об ответственности 1_
a Заглавие Хрустальный желудок ангела
e Сведения, относящиеся к заглавию повести
f Первые сведения об ответственности Марина Москвина
g Последующие сведения об ответственности с иллюстрациями Леонида Тишкова
203 Вид содержания и тип средства __
a Вид содержания Текст
c Тип средства непосредственный
210 Выходные данные 1_
a Место издания Москва
c Издательство АСТ
c Издательство Редакция Елены Шубиной
d Дата издания 2025
215 Физическое описание __
a Объем 381 с.
c Иллюстрации/тип воспроизводства ил.
d Формат 21 см
225 Серия 2_
a Серия Классное чтение
300 Общие примечания __
a Общие примечания Содержит нецензурную брань
330 Аннотация __
a Аннотация “Хрустальный желудок ангела” - новая книга повестей Марины Москвиной. “Я ищу осколки, обрывки, клочки, всё, что может воскресить душу и тело. Во мне живут тысячи людей. Некоторых давно нет на свете. А во мне они продолжают петь, смеяться, искать на свою голову приключений, праздновать Новый год, отплясывать на столе чарльстон. Из семечка случая прорастает раскидистое дерево рассказа, реальность переплетается с вымыслом, всё начинает клубиться, мерцать и превращается в миф”.
333 Примечание о целевом назначении __
a Примечание о целевом назначении 18+. Запрещено для детей
464 Аналитический уровень _0
1 2001
a Райские птицы над небом Абхазии
464 Аналитический уровень _0
1 2001
a Рина Зеленая. XX век
464 Аналитический уровень _0
1 2001
a Люблю тебя восемь дней в неделю
464 Аналитический уровень _0
1 2001
a Зеленые горы и белые облака
464 Аналитический уровень _0
1 2001
a Остров
464 Аналитический уровень _0
1 2001
a Я ухожу, как воздух между пальцев
464 Аналитический уровень _0
1 2001
a Между нами только ночь
606 Тематические рубрики __
a Основная рубрика Художественная литература
2 Код системы nlr_sh
606 Тематические рубрики __
a Основная рубрика Современная русская литература
2 Код системы nlr_sh
610 Ключевые слова 0_
a Ключевые слова проза
610 Ключевые слова 0_
a Ключевые слова современная проза
610 Ключевые слова 0_
a Ключевые слова повести
610 Ключевые слова 0_
a Ключевые слова тема жизни
610 Ключевые слова 0_
a Ключевые слова тема людей
610 Ключевые слова 0_
a Ключевые слова социальная проза
610 Ключевые слова 0_
a Ключевые слова связь поколений
610 Ключевые слова 0_
a Ключевые слова психологическая проза
610 Ключевые слова 0_
a Ключевые слова городские истории
686 Индексы других классификаций __
2 Код системы rubbks
a Классификационный индекс 84(2=411.2)6-4; ст84(2=411.2)6-4
700 Автор _1
a Фамилия Москвина
b Имя М. Л.
g Полное личное имя Марина Львовна
f Даты 1954-
4 Код отношения 070
702 Вторичная интеллектуальная ответственность _1
a Фамилия Тишков
b Имя Л. А.
g Полное личное имя Леонид Александрович
4 Код отношения 440
f Даты 1953-
801 Источник записи _0
b Организация Муниципальное бюджетное учреждение культуры "Централизованная библиотечная система" г. Сургут (Центральная городская библиотека им. А. С. Пушкина)
a Страна RU
c Дата составления 20260513
g Правила каталогизации PSBO
801 Источник записи _1
b Организация Муниципальное бюджетное учреждение культуры "Централизованная библиотечная система" г. Сургут (Центральная городская библиотека им. А. С. Пушкина)
a Страна RU
c Дата составления 20260513
g Правила каталогизации PSBO
852 Данные о местонахождении 5_
i Авторский знак М 82
j Шифр хранения 84(2=411.2)6-4
901 Тип документа __
a Ответственный ООФиК/Волкова
t Тип документа x
901 Тип документа __
a Ответственный без партии
903 Характеристики (МАРС) __
a Дата передачи 20260513
c Наименование библиотеки (МАРС) Муниципальное бюджетное учреждение культуры "Централизованная библиотечная система" г. Сургут (Центральная городская библиотека им. А. С. Пушкина)